| 000 | 01274cam a22002174a 4500 | ||
|---|---|---|---|
| 005 | 20250605164054.0 | ||
| 008 | 250528s ||||||||||||||||||||||||d | ||
| 035 | _a17403 | ||
| 020 | _a130264652 | ||
| 040 |
_aGR-AtMCL _bgre _dGR-AtMCL _eAACR2 |
||
| 245 | 1 | _aSupply Chain Management / Strategy, Planning, and Operation | |
| 260 |
_bPrentice Hall, _c2001 |
||
| 300 | _a466 | ||
| 505 | 0 | _aBuilding a Strategic Framework to Analyze Supply Chain, Planning Demand and Supply in a Supply Chain, Planning and Managing Inventories in a Supply Chain, Transportation and Network Design and Information Technology in a Supply Chain, Coordinating a Supply Chain and the Role of E-Business, Financial Factors Influencing Supply Chain Decisions, Name Index, Subject Index. | |
| 520 | _aBuilding a Strategic Framework to Analyze Supply Chain, Planning Demand and Supply in a Supply Chain, Planning and Managing Inventories in a Supply Chain, Transportation and Network Design and Information Technology in a Supply Chain, Coordinating a Supply Chain and the Role of E-Business, Financial Factors Influencing Supply Chain Decisions, Name Index, Subject Index. | ||
| 700 | 1 |
_aChopra Sunil _93560 |
|
| 700 | 1 |
_aMeindl Peter _93561 |
|
| 942 | _cBK | ||
| 999 |
_c2824 _d2824 |
||